Guía de buenas prácticas en uso racional de la energía en el sector de las pequeñas y medianas empresas (Registro nro. 3575)

Detalles MARC
000 -CABECERA
Campo de control 00929nam a2200253 a 4500
005 - FECHA Y HORA DE LA ULTIMA TRANSACCION
Campo de control 20160901144527.0
008 - ELEMENTOS DE LONGITUD FIJA—INFORMACION GENERAL
Campo de control 140312b2002 ck d||||r|||| 00| 0 spa d
020 ## - ISBN
ISBN 9720063
040 ## - FUENTE DE CATALOGACIÓN
Agencia catalogadora original CO-BoIAVH
Agencia transcriptora CO-BoIAVH
041 0# - IDIOMA
Código de idioma para texto/pista de sonido o título separado Español
044 ## - PAÍS DE PUBLICACIÓN
País de publicación Colombia
082 04 - NUMERO DE CLASIFICACION DECIMAL DEWEY
Número de clasificación 333.7916
Número del ítem C71g
110 1# - ASIENTO PRINCIPAL--NOMBRE CORPORATIVO
Nombre corporativo o de jurisdicción como elemento de entrada Colombia
Unidad subordinad Ministerio del Medio Ambiente
9 (RLIN) 75813
245 10 - MENCION DE TITULO
Título Guía de buenas prácticas en uso racional de la energía en el sector de las pequeñas y medianas empresas
260 ## - PUBLICACION, DISTRIBUCION, ETC. (PIE DE IMPRENTA)
Lugar de publicación, distribución, etc. Bogotá :
Nombre del editor, distribuidor, etc. Minambiente ;
Fecha de publicación, distribución, etc. 2002.
300 ## - DESCRIPCION FISICA
Extensión 72 páginas :
Otros detalles físicos gráficas y tablas ;
Dimensiones 27 x 21 cm.
650 26 - ASIENTO SECUNDARIO DE MATERIA - TERMINO TEMATICO
Término temático o nombre geográfico como elemento de entrada Energía eléctrica
Subdivisión general uso
-- buenas prácticas
Subdivisión geográfica Colombia
9 (RLIN) 75814
650 26 - ASIENTO SECUNDARIO DE MATERIA - TERMINO TEMATICO
Término temático o nombre geográfico como elemento de entrada Consumo de energía
Subdivisión general buenas prácticas
Subdivisión geográfica Colombia
Subdivisión de forma Guías
9 (RLIN) 75815
650 26 - ASIENTO SECUNDARIO DE MATERIA - TERMINO TEMATICO
Término temático o nombre geográfico como elemento de entrada Gestión de la energía
Subdivisión geográfica Colombia
Subdivisión de forma Guías
9 (RLIN) 75816
650 24 - ASIENTO SECUNDARIO DE MATERIA - TERMINO TEMATICO
Término temático o nombre geográfico como elemento de entrada Pequeñas empresas
9 (RLIN) 20408
650 24 - ASIENTO SECUNDARIO DE MATERIA - TERMINO TEMATICO
Término temático o nombre geográfico como elemento de entrada Medianas empresas
9 (RLIN) 20409
662 ## - ASIENTO SECUNDARIO DE MATERIA - JERARQUIA DEL NOMBRE DE LUGAR(
País o entidad mayor Colombia
942 ## - ELEMENTOS ADICIONALES (KOHA)
Tipo de ítem Libro
Sistema de clasificación Dewey Decimal Classification
Existencias
Withdrawn status Lost status Sistema de Clasificación Damaged status No para préstamo Colección Inventariado Ubicación Permanente Ubicación actual Fecha de adquisición Fuente de Valor Valor Total Checkouts Número topográfico Inventario / Código de Barras Date last seen Ejemplar Price effective from Forma de adquisición Tipo de material
    Dewey Decimal Classification     General Inventariado 2017 Bogotá Bogotá 26/01/2004 Instituto 15000.00   LB-333.7916 C71g 015240 04/12/2012 Ej. 1 04/12/2012 Donación Libro